IMDb by Year Quiz Stats

 Plays Quiz Updated Dec 31, 2020

Support Sporcle.
Go Orange.
Score 0/91 Timer 13:00
7 Plays Today
Year Movie % Correct
2019*Parasite
85.6%
2008The Dark Knight
83.7%
1977Star Wars: Episode IV - A New Hope
72.4%
1972*The Godfather
70.6%
2003*The Lord of the Rings: The Return of the King
64.2%
2020Hamilton
63.7%
2001The Lord of the Rings: The Fellowship of the Ring
63.1%
1985Back to the Future
59.4%
1974*The Godfather: Part II
59.4%
1999Fight Club
57.5%
1980Star Wars Episode V: The Empire Strikes Back
56.5%
2016Your Name.
56%
1983Star Wars Episode VI: Return of the Jedi
55.9%
1991*The Silence of the Lambs
54.8%
1990Goodfellas
52.4%
1942*Casablanca
52.2%
2007Like Stars on Earth
51.9%
2015Inside Out
51.6%
1994The Shawshank Redemption
50.6%
1981Raiders of the Lost Ark
49.7%
2013The Wolf of Wall Street
48.7%
1986Aliens
48.5%
2014Interstellar
48.4%
2018Avengers: Infinity War
47.4%
1976Taxi Driver
46.2%
1995Se7en
45.5%
1998Saving Private Ryan
44.3%
2006*The Departed
43.5%
1975*One Flew Over the Cuckoo's Nest
43.4%
1996Trainspotting
42.6%
1993*Schindler's List
40.9%
Year Movie % Correct
1989Indiana Jones and the Last Crusade
40.6%
1966The Good, the Bad, and the Ugly
40.5%
1931City Lights
37.1%
1941Citizen Kane
36.8%
2000Gladiator
35%
2004Eternal Sunshine of the Spotless Mind
33.9%
1979Alien
33.6%
1946It's a Wonderful Life
33.2%
1952Singin' in the Rain
33.1%
1960Psycho
32.2%
1971A Clockwork Orange
29.1%
1962*Lawrence of Arabia
27.4%
1967Cool Hand Luke
27%
1992Reservoir Dogs
26.9%
1973*The Sting
26.2%
1963The Great Escape
25.8%
1969Butch Cassidy and the Sundance Kid
25.1%
1982The Thing
25%
1964Dr. Strangelove
22.5%
1978*The Deer Hunter
22.1%
1959North by Northwest
21.1%
2010Inception
20.9%
2012Django Unchained
20.9%
1997Life Is Beautiful
20.8%
1939Mr. Smith Goes to Washington
19.7%
1958Vertigo
19.7%
20093 Idiots
19%
195712 Angry Men
18.4%
2005Batman Begins
17.6%
1954Seven Samurai
17%
1987Full Metal Jacket
15.1%
Year Movie % Correct
1965For a Few Dollars More
14.4%
2017Coco
13.9%
1970*Patton
12.5%
1936Modern Times
11.7%
1934*It Happened One Night
11.7%
1940The Great Dictator
11.5%
2002The Lord of the Rings: The Two Towers
11.3%
2011The Intouchables
9.9%
1933Duck Soup
9.3%
1950Sunset Blvd.
8.4%
1944Double Indemnity
8.1%
1948The Treasure of the Sierra Madre
8%
1984Once Upon a Time in America
7.6%
1968Once Upon a Time in the West
7.5%
1935A Night at the Opera
6.7%
1949The Third Man
6.1%
1930*All Quiet on the Western Front
5.6%
1951Strangers on a Train
4.1%
1938Bringing Up Baby
4.1%
1961Yojimbo
3.6%
1956The Killing
2.4%
1988Grave of the Fireflies
2.4%
1955Les Diaboliques
1.7%
1943The Ox-Bow Incident
1.4%
1945Children of Paradise
1.3%
1937Grand Illusion
1.3%
1947Out of the Past
1.3%
1953The Wages of Fear
1.2%
1932Trouble in Paradise
0.5%

From the Vault

Closest US Capitals to Albany, NY

by Highwayman

Some are so close that they're almost in the state of New York!
Remove Ads.
Support Sporcle.
Get the best of Sporcle when you Go Orange. This ad-free experience offers more features, more stats, and more fun while also helping to support Sporcle. Thank you for becoming a member.

Show Comments

Extras

Top Quizzes Today


Score Distribution

Your Account Isn't Verified!

In order to create a playlist on Sporcle, you need to verify the email address you used during registration. Go to your Sporcle Settings to finish the process.

Report this User

Report this user for behavior that violates our Community Guidelines.

Details: